[Event "ch-ROU 2013"]
[Site "Baile Olanesti ROU"]
[Date "2013.02.17"]
[Round "2.1"]
[White "Vladescu,F"]
[Black "Parligras,M"]
[Result "0-1"]
[WhiteElo "2225"]
[BlackElo "2633"]

1.d4 Nf6 2.Bg5 e6 3.e3 h6 4.Bh4 b6 5.Nf3 Bb7 6.Nbd2 d6 7.Bb5+ Nbd7 8.Qe2 a6
9.Bd3 g5 10.Bg3 Nh5 11.O-O Bg7 12.Ne1 Ndf6 13.c3 Qe7 14.e4 O-O 15.Nc2 c5
16.a4 Nxg3 17.fxg3 Nd7 18.Rf2 b5 19.dxc5 Nxc5 20.axb5 axb5 21.Rff1 Qc7 22.Kh1 Nxd3
23.Qxd3 Qc5 24.Nb4 Rxa1 25.Rxa1 f5 26.h3 fxe4 27.Nxe4 Qf5 28.Re1 Be5 29.Kh2 h5
30.Qe3 Bxe4 31.Qxe4 h4 32.Qxf5 exf5 33.Kg1 hxg3 34.Nd3 Re8 35.Rf1 f4 36.Ra1 Kf7
37.Kf1 Bf6 38.Ra6 d5 39.Rd6 Rd8 40.Rxd8 Bxd8 41.Ke2 Ke6 42.Ne1 Bf6 43.Kd3 Kf5
44.Nf3 g4 45.hxg4+ Kxg4 46.Ne1 Kf5 47.Nf3 Ke6 48.Ne1 Kd6 49.Nf3 Kc5 50.b4+ Kd6
51.Ne1 Ke5 52.Nf3+ Kf5 53.Nd2 Bg7 54.Nf3 d4 55.cxd4 Bf8 56.Nh4+ Kg4 57.Nf3 Bxb4
58.Ke4 Bd6 59.Kd5 b4 60.Kc4 Kf5 61.Nd2 Bf8 62.Kb3 Bd6 63.Kc4 Be7 64.Kb3 f3
65.Nxf3 Ke4 66.Kc4 Ke3 67.Ne5 Kf2 68.Ng6 Bg5 69.Kxb4 Kxg2 70.Ne5 Kf2 71.Ng4+ Ke2  0-1

[Event "Reykjavik Open 2013"]
[Site "Reykjavik ISL"]
[Date "2013.02.19"]
[Round "1.59"]
[White "Thorfinnsson,Bj"]
[Black "De Winter,E"]
[Result "1-0"]
[WhiteElo "2386"]
[BlackElo "1823"]

1.d4 Nf6 2.Bg5 e6 3.Nf3 Be7 4.Nbd2 d5 5.e3 Nbd7 6.Bd3 c5 7.c3 O-O 8.h4 Re8
9.g4 Nf8 10.Rg1 c4 11.Bc2 N6d7 12.Bf4 Ng6 13.Bg3 Bf8 14.h5 Nh8 15.Rh1 f5
16.gxf5 exf5 17.Bxf5 Nf6 18.Qc2 Nf7 19.O-O-O Qa5 20.Be5 Bxf5 21.Qxf5 Ne4
22.h6 Rxe5 23.Nxe5 Nxe5 24.dxe5 Qxa2 25.Qe6+ Kh8 26.hxg7+ Bxg7 27.Rxh7+  1-0

[Event "Moscow Gov Cup A Rapid"]
[Site "Moscow RUS"]
[Date "2013.02.20"]
[Round "8.9"]
[White "Konenkin,D"]
[Black "Belous,V"]
[Result "0-1"]
[WhiteElo "2282"]
[BlackElo "2553"]

1.d4 Nf6 2.Bg5 e6 3.e4 h6 4.Bxf6 Qxf6 5.Nc3 d6 6.Qd2 a6 7.O-O-O g5 8.e5 Qd8
9.f4 gxf4 10.Qxf4 dxe5 11.dxe5 Qg5 12.Qxg5 hxg5 13.Ne4 Nd7 14.Nxg5 Nxe5 15.N1f3 Ng4
16.Re1 Bh6 17.Kb1 Bd7 18.h3 Nf2 19.Rh2 Bc6 20.Bc4 Rd8 21.a3 Rd1+ 22.Rxd1 Nxd1
23.Bd3 Nf2 24.g4 Nxd3 25.cxd3 f6 26.Ne4 Bf4 27.Rf2 Bxe4 28.dxe4 Rxh3 29.Nd4 Be3
30.Rf3 Rh1+  0-1

[Event "ch-ROU 2013"]
[Site "Baile Olanesti ROU"]
[Date "2013.02.21"]
[Round "8.37"]
[White "Anuta,L"]
[Black "Ciocan,Maria-Alexandra"]
[Result "1-0"]
[WhiteElo "2049"]
[BlackElo "1575"]

1.d4 Nf6 2.Bg5 e6 3.Nf3 Be7 4.Nbd2 d5 5.e3 Nbd7 6.Bd3 O-O 7.O-O c5 8.c3 b6
9.Rc1 Bb7 10.h3 Qc7 11.Nh2 e5 12.f4 exf4 13.Bxf4 Bd6 14.Ng4 Bc8 15.Nxf6+ Nxf6
16.Bg5 Be7 17.Bxf6 Bxf6 18.Qh5 h6 19.Rxf6 gxf6 20.Qxh6 Re8 21.Rf1 cxd4 22.Bh7+ Kh8
23.Rxf6 Be6 24.Rf4 dxe3 25.Qf6+  1-0

[Event "33rd TCh-IND 2013"]
[Site "Hyderabad IND"]
[Date "2013.02.21"]
[Round "1.4"]
[White "Akshat,Kh"]
[Black "Khan S"]
[Result "1-0"]
[WhiteElo "2383"]
[BlackElo "1896"]

1.d4 Nf6 2.Bg5 e6 3.e4 h6 4.Bxf6 Qxf6 5.c3 b6 6.Bd3 Bb7 7.Ne2 c5 8.O-O Nc6
9.e5 Qh4 10.g3 Qd8 11.f4 cxd4 12.cxd4 Nb4 13.Nbc3 Nxd3 14.Qxd3 Qc8 15.Rfc1 Qc6
16.d5 Qc5+ 17.Kf1 a6 18.b4 Qxb4 19.Rab1 Qa5 20.d6 g5 21.Qd4 gxf4 22.Qxb6 Qxb6
23.Rxb6 Bc6 24.gxf4 h5 25.Nd4 Bh6 26.Nxc6 dxc6 27.Ne2 O-O 28.Rcxc6 f6 29.Ke1 fxe5
30.fxe5 Be3 31.Rb3 Bf2+ 32.Kd2 a5 33.d7 Rad8 34.Rd3 Rf5 35.Rc8 Bh4 36.Nd4 Bg5+
37.Kd1 Rf1+ 38.Ke2 Rdf8 39.Rxf8+ Rxf8 40.Nxe6  1-0

[Event "33rd TCh-IND 2013"]
[Site "Hyderabad IND"]
[Date "2013.02.22"]
[Round "3.1"]
[White "Sriram,J"]
[Black "Adhiban,Baskaran"]
[Result "0-1"]
[WhiteElo "2426"]
[BlackElo "2547"]

1.d4 Nf6 2.Bg5 e6 3.e4 c5 4.e5 h6 5.Bh4 g5 6.Bg3 Ne4 7.Nc3 Qa5 8.dxc5 h5
9.f3 h4 10.fxe4 hxg3 11.Nh3 Qxc5 12.Qf3 Qxe5 13.hxg3 g4 14.Qxg4 Ba3 15.O-O-O Qxc3
16.bxa3 Qxa3+ 17.Kb1 Nc6 18.Rd3 Qc5 19.Qg7 Qe5 20.Qxe5 Nxe5 21.Ra3 Ke7 22.Nf2 Rxh1
23.Nxh1 d6 24.Bb5 Bd7 25.Bxd7 Kxd7 26.Nf2 a6 27.Rb3 b5 28.a4 bxa4 29.Rb4 Rg8
30.Rxa4 Rxg3 31.Rxa6 Rxg2 32.Nd3 Nc6 33.Ra4 Rg4 34.Nb2 Kc7 35.Kc1 Kb6 36.Kd2 Kb5
37.Ke3 Rg3+ 38.Ke2 Rg2+ 39.Kd1 Nb4 40.Ra7 Nxc2 41.Rxf7 Ne3+ 42.Kc1 Kb4 43.Rf3 Rc2+
44.Kb1 Re2 45.Nd3+ Kc3 46.Nf4 Re1+ 47.Ka2 e5 48.Nd5+ Kd4 49.Nf6 Rf1 50.Rxf1 Nxf1
51.Ne8 Kc5 52.Nc7 Nd2 53.Ne6+ Kc4 54.Ng5 Kd4 55.Nf7 Nxe4 56.Kb2 d5 57.Kc2 Ng3
58.Kd2 e4 59.Ng5 Ke5  0-1

[Event "Reykjavik Open 2013"]
[Site "Reykjavik ISL"]
[Date "2013.02.25"]
[Round "8.45"]
[White "Cubas Pons,Ju"]
[Black "Palmqvist,F"]
[Result "1-0"]
[WhiteElo "2284"]
[BlackElo "2050"]

1.d4 Nf6 2.Bg5 e6 3.Nd2 h6 4.Bh4 c5 5.e4 cxd4 6.e5 g5 7.Bg3 Nd5 8.h4 gxh4
9.Bxh4 Qa5 10.Nf3 Nc6 11.Bc4 d6 12.exd6 Bxd6 13.O-O Be7 14.Bxe7 Ncxe7 15.Ne4 Qc7
16.Qxd4 Rg8 17.Bb5+ Kf8 18.Nf6 Nf5 19.Nxd5 Qd6 20.Qc3 Qxd5 21.Rad1 Rxg2+
22.Kxg2 Nh4+ 23.Kg3 Nf5+ 24.Kh2 Qxb5 25.Qh8+  1-0

[Event "TCh-ISL 2012-13"]
[Site "Reykjavik ISL"]
[Date "2013.03.02"]
[Round "6.7"]
[White "Thorfinnsson,Bj"]
[Black "Johannesson,I"]
[Result "0-1"]
[WhiteElo "2381"]
[BlackElo "2346"]

1.d4 Nf6 2.Bg5 e6 3.Nf3 c5 4.c3 Be7 5.Nbd2 cxd4 6.cxd4 d5 7.e3 O-O 8.Bd3 Nc6
9.a3 a5 10.h4 Nd7 11.Bf4 f5 12.g4 Nf6 13.gxf5 exf5 14.h5 Ne4 15.Ne5 Nxe5
16.Bxe5 Bh4 17.Rh2 a4 18.Rc1 Bf6 19.f3 Bxe5 20.dxe5 Qg5 21.Nf1 Be6 22.Rcc2 f4
23.fxe4 dxe4 24.Bxe4 fxe3 25.Qd6 Rxf1+ 26.Kxf1 Rf8+ 27.Ke2 Bg4+ 28.Ke1 Qf4
29.Bd5+ Kh8 30.Qxf8+ Qxf8 31.Rh4 Bf5 32.Rf4 g6 33.hxg6 Qd8 34.Rxf5 Qxd5 35.Rf7 Qh1+
36.Ke2 Qg2+ 37.Kxe3 Qxc2 38.Rxh7+ Kg8 39.Rxb7 Qc5+ 40.Kf4 Qc1+  0-1

[Event "29th ChessOrg Open"]
[Site "Bad Woerishofen GER"]
[Date "2013.03.09"]
[Round "9.31"]
[White "Hornung,H"]
[Black "Schinnerl,W"]
[Result "1-0"]
[WhiteElo "2107"]
[BlackElo "1893"]

1.d4 Nf6 2.Bg5 e6 3.c3 h6 4.Bh4 b6 5.Nd2 Bb7 6.e3 Be7 7.Ngf3 d6 8.Bd3 g5
9.Bg3 Rg8 10.h3 Nbd7 11.Qa4 Kf8 12.O-O-O c5 13.Kb1 a6 14.Qc2 b5 15.c4 bxc4
16.Nxc4 d5 17.Nd6 Qb6 18.dxc5 Nxc5 19.Nxb7 Qxb7 20.Be5 Nxd3 21.Rxd3 Ne4 22.Rc1 f6
23.Bc7 Nc5 24.Nd4 Kf7 25.Rc3 Qxc7 26.Rxc5 Qe5 27.Rc7 f5 28.Rxe7+  1-0

[Event "Karpos Open 2013"]
[Site "Skopje MKD"]
[Date "2013.03.09"]
[Round "1.4"]
[White "Alishani,I"]
[Black "Georgiev,Ki"]
[Result "0-1"]
[WhiteElo "2167"]
[BlackElo "2657"]

1.d4 Nf6 2.Bg5 e6 3.Nf3 h6 4.Bh4 d6 5.Nbd2 g5 6.Bg3 Nh5 7.e3 Bg7 8.Bd3 f5
9.c3 O-O 10.Qb3 Qe7 11.O-O-O Nd7 12.Nc4 a5 13.h3 a4 14.Qc2 b6 15.Bh2 Bb7
16.Qe2 Nhf6 17.Ne1 Nd5 18.Na3 e5 19.Qc2 e4 20.Bb5 Ra5 21.Bxa4 f4 22.Bb3 Kh8
23.Nc4 Raa8 24.Bg1 b5 25.Nd2 N7f6 26.a3 c5 27.dxc5 dxc5 28.c4 Nb6 29.h4 g4
30.Bh2 g3 31.fxg3 fxe3 32.Nb1 Ng4 33.Nc3 Rf2 34.Ne2 bxc4 35.Ba2 Bc6 36.Bxc4 Nxc4
37.Qxc4 Qb7 38.b3 Ne5 39.Qc2 Qa6 40.Rd6 Rxe2 41.Qxc5 Qxa3+  0-1

[Event "TCh-LTU 2013"]
[Site "Vilnius LTU"]
[Date "2013.03.10"]
[Round "6.4"]
[White "Mecelis,A"]
[Black "Stauskas,Lukas"]
[Result "0-1"]
[WhiteElo "1939"]
[BlackElo "1735"]

1.d4 Nf6 2.Bg5 e6 3.e4 Be7 4.Bd3 d6 5.Nf3 Nbd7 6.e5 dxe5 7.dxe5 Nd5 8.Bxe7 Qxe7
9.O-O Nf4 10.Nc3 Nxd3 11.cxd3 O-O 12.Rc1 a6 13.Ne4 Nb6 14.d4 Nd5 15.Qc2 h6
16.Nc3 c6 17.Ne4 Bd7 18.Nd6 Be8 19.Nd2 f5 20.Qb3 Rb8 21.f4 Bh5 22.Rf2 Kh7
23.Nf1 g5 24.Ng3 Bg6 25.Ne2 Rg8 26.Qh3 Kg7 27.Rcf1 Rh8 28.a3 Rh7 29.g4 fxg4
30.Qb3 Kg8 31.f5 exf5 32.Nxf5 Bxf5 33.Rxf5 Kh8 34.Ng3 Nf4 35.Ne4 Ne2+ 36.Kg2 Nxd4
37.Qc3 Nxf5 38.Rxf5 Qe6 39.Nd6 Kg8 40.Rf6 Qd5+ 41.Kg3 Rf8 42.Rg6+ Rg7 43.Rxg7+ Kxg7
44.Kxg4 Qg2+  0-1

[Event "13th European Seniors"]
[Site "Plovdiv BUL"]
[Date "2013.03.11"]
[Round "1"]
[White "Dragasevic,S"]
[Black "Rubinstein,Ma"]
[Result "1-0"]
[WhiteElo "2279"]
[BlackElo "1959"]

1.d4 Nf6 2.Bg5 e6 3.Nd2 h6 4.Bh4 g5 5.Bg3 Nh5 6.e3 Nxg3 7.hxg3 Bg7 8.Bd3 d5
9.c3 Nd7 10.f4 c5 11.Qh5 Nf6 12.Qe2 c4 13.Bc2 Qc7 14.Ngf3 gxf4 15.exf4 Bd7
16.Ne5 Kf8 17.g4 Ng8 18.Ndf3 Ne7 19.g5 f6 20.gxf6 Bxf6 21.O-O-O Kg7 22.g4 Nc6
23.Ng6 Ne7 24.Nge5 Bxe5 25.Nxe5 Raf8 26.g5 Rxf4 27.gxh6+ Kf8 28.Qh2 Qd8  1-0

[Event "TCh-SWE Elite 2012-13"]
[Site "Sweden SWE"]
[Date "2013.03.17"]
[Round "9"]
[White "Fransson,Pa"]
[Black "Krantz,C"]
[Result "1-0"]
[WhiteElo "2133"]
[BlackElo "2252"]

1.d4 Nf6 2.Bg5 e6 3.e3 d5 4.Bd3 Nbd7 5.f4 Be7 6.Nd2 b6 7.Nh3 Bb7 8.Nf2 Ng8
9.Nf3 h6 10.Bxe7 Qxe7 11.c3 Ngf6 12.Qc2 a5 13.O-O Ba6 14.Bxa6 Rxa6 15.Rae1 O-O
16.g4 Nh7 17.e4 dxe4 18.Qxe4 Qd8 19.Kh1 c5 20.Rg1 cxd4 21.cxd4 g6 22.h4 Kh8
23.Kh2 Ra8 24.f5 exf5 25.gxf5 gxf5 26.Qxf5 Qf6 27.Qe4 Rae8 28.Qxe8 Rxe8 29.Rxe8+ Nhf8
30.Rg3 Kh7 31.Ne4 Qf5 32.Re7 Kh8 33.Nd6 Qc2+ 34.Kh3 Ng6 35.Nxf7+ Kg7 36.N7e5+ Kf6
37.Rf7+ Ke6 38.Rxg6+ Kd5 39.Rxd7+ Ke4 40.Rg4+ Ke3 41.Re7 Qc8 42.Kg3 h5 43.Nc4+ Kd3
44.Re3+ Kc2 45.Rc3+  1-0

[Event "3rd HD Bank Cup 2013"]
[Site "Ho Chi Minh City VIE"]
[Date "2013.03.19"]
[Round "1.27"]
[White "Tu Hoang Thong"]
[Black "Bui,Trong Hao"]
[Result "1-0"]
[WhiteElo "2428"]
[BlackElo "2108"]

1.d4 Nf6 2.Bg5 e6 3.Nd2 d5 4.e3 Be7 5.Bd3 Nbd7 6.Ngf3 c5 7.c3 b6 8.Ne5 Nxe5
9.dxe5 Nd7 10.Bxe7 Qxe7 11.f4 Bb7 12.O-O O-O-O 13.Qe2 f6 14.exf6 gxf6 15.Ba6 Nb8
16.Bxb7+ Qxb7 17.a4 Rhg8 18.b4 Qa6 19.Qf2 Nd7 20.a5 Qd3 21.axb6 axb6 22.Rfc1 Kb7
23.Nf1 Ra8 24.Rab1 Rgc8 25.Rd1 Qxc3 26.e4 cxb4 27.exd5 exd5 28.Ne3 Ra5 29.Nxd5 Rxd5
30.Rxd5 Nc5 31.h3 b3 32.Rdd1 Rg8 33.Kh2 Ne4 34.Qe1 Qc2 35.Qf1 b2 36.Re1 Nc3
37.Re7+ Kb8 38.Rxb2 Qxb2 39.Qf3 Rxg2+ 40.Qxg2 Qxg2+ 41.Kxg2 b5 42.Rxh7 b4
43.Re7 b3 44.Re1 b2 45.h4 b1=Q 46.Rxb1+ Nxb1 47.h5 Nc3 48.h6  1-0

[Event "TCh-AUT 2012-13"]
[Site "St.Veit AUT"]
[Date "2013.03.21"]
[Round "8.2"]
[White "Weiss,C"]
[Black "Polak,T"]
[Result "1/2-1/2"]
[WhiteElo "2406"]
[BlackElo "2520"]

1.d4 Nf6 2.Bg5 e6 3.e4 h6 4.Bxf6 Qxf6 5.c3 d6 6.Nf3 g6 7.Nbd2 Bg7 8.Bb5+ Nd7
9.O-O O-O 10.Qb3 Qe7 11.Rfe1 a6 12.Bf1 b6 13.a4 Bb7 14.Rad1 Rab8 15.Qa3 Rfe8
16.b4 Ra8 17.a5 Rec8 18.c4 c5 19.Nb3 cxd4 20.Nfxd4 Ne5 21.Rc1 bxa5 22.Qxa5 Qh4
23.g3 Qh5 24.Be2 Qh3 25.Bf1 Qh5 26.Be2 Qh3 27.Bf1 Qh5 28.Be2 Qh3  1/2-1/2

[Event "30th Ciocaltea Mem 2013"]
[Site "Bucharest ROU"]
[Date "2013.03.22"]
[Round "8.5"]
[White "Tarlev,K"]
[Black "Stanciu,Al"]
[Result "1-0"]
[WhiteElo "2540"]
[BlackElo "2365"]

1.d4 Nf6 2.Bg5 e6 3.c4 c5 4.d5 h6 5.Bf4 d6 6.Nc3 exd5 7.cxd5 g5 8.Bd2 Bg7
9.h4 g4 10.h5 a6 11.a4 Qe7 12.Qc2 O-O 13.Qc1 Kh7 14.e3 Nbd7 15.Nge2 Ne5 16.Ng3 Ng8
17.Be2 f5 18.a5 Bd7 19.O-O Qf7 20.Qc2 Kh8 21.Rab1 Rac8 22.b4 c4 23.Rbd1 Ne7
24.Be1 Bf6 25.Bd2 Qg7 26.Rb1 Rc7 27.b5 Nd3 28.bxa6 bxa6 29.Rb6 Be5 30.Rfb1 f4
31.exf4 Bd4 32.Nce4 Nxd5 33.Rxd6 N3xf4 34.Rxa6 Bc8 35.Ra8 Nxe2+ 36.Nxe2 g3
37.Nxd4 gxf2+ 38.Nxf2 Rxf2 39.Qe4 Rxd2 40.Ne6 Nc3 41.Qg6 Qxg6 42.hxg6 Nxb1
43.Nxc7 Rd8 44.Ne6 Rg8 45.g7+ Kh7 46.Nf8+ Kxg7 47.Rxc8 c3 48.a6 c2 49.Rc7+ Kf6
50.Rxc2 Ke7 51.Rc8  1-0

[Event "TCh-CZE Extraliga 2012-13"]
[Site "Czech Republic CZE"]
[Date "2013.03.23"]
[Round "7.5"]
[White "Markos,J"]
[Black "Kanovsky,D"]
[Result "1-0"]
[WhiteElo "2584"]
[BlackElo "2415"]

1.d4 Nf6 2.Bg5 e6 3.e4 h6 4.Bxf6 Qxf6 5.Nc3 d6 6.Bc4 g6 7.Nge2 Bg7 8.f4 O-O
9.O-O Nc6 10.e5 Qe7 11.Qd2 d5 12.Bb3 b6 13.g4 Na5 14.f5 Nxb3 15.axb3 exf5
16.gxf5 Bxf5 17.Nxd5 Qh4 18.Ng3 Rad8 19.Nxf5 gxf5 20.Qf4 Qxf4 21.Ne7+ Kh7
22.Rxf4 c5 23.c3 cxd4 24.cxd4 Rd7 25.Nxf5 Rc8 26.Raf1 Rc6 27.Rg4 Bf8 28.Ng3 Bg7
29.Rgf4 Kg6 30.h4 h5 31.Re4 Bh6 32.Nf5 Bf8 33.Re3 Kh7 34.Kg2 Rc2+ 35.Rf2 Rxf2+
36.Kxf2 Kg6 37.Rf3 Rc7 38.Ke3 Rc2 39.Ke4 Re2+ 40.Kd5 Rxb2 41.Nd6 Be7 42.Nxf7 Bxh4
43.e6 Bf6 44.Ne5+ Kg5 45.Kd6 h4 46.Rxf6  1-0

[Event "3rd HD Bank Cup 2013"]
[Site "Ho Chi Minh City VIE"]
[Date "2013.03.23"]
[Round "7.26"]
[White "Nguyen Van Hai"]
[Black "Zhai Mo"]
[Result "1-0"]
[WhiteElo "2339"]
[BlackElo "2249"]

1.d4 Nf6 2.Bg5 e6 3.e3 c5 4.c3 h6 5.Bh4 cxd4 6.exd4 Be7 7.Bd3 b6 8.Nf3 Ba6
9.Bxa6 Nxa6 10.Qe2 Nc7 11.Bxf6 Bxf6 12.Nbd2 d6 13.O-O O-O 14.Ne1 g6 15.Nd3 Bg7
16.Rfe1 Qd7 17.Qf3 b5 18.Ne4 Nd5 19.Nf4 f5 20.Nxe6 fxe4 21.Qxe4 Qc6 22.Nxf8 Rxf8
23.Qxg6 Nf4 24.Qg4 h5 25.Qg5 Rf6 26.f3 Kh7 27.Kh1 Qd5 28.Qxd5 Nxd5 29.Re8 h4
30.h3 Bh6 31.Rae1 Kg7 32.Rb8 b4 33.c4 Ne3 34.Rxb4 Rf7 35.Ra4 Rc7 36.c5 d5
37.Ra6 Bf4 38.b4 Nc2 39.Rb1 Nxd4 40.b5 Rxc5 41.Rxa7+ Kf6 42.Ra4 Ne2 43.b6 d4
44.b7 Bb8 45.Ra8 Bg3 46.f4  1-0

[Event "Nis Open 2013"]
[Site "Nis SRB"]
[Date "2013.03.23"]
[Round "3.5"]
[White "Djordjevic,Vu"]
[Black "Mitrovic,Da1"]
[Result "1-0"]
[WhiteElo "2140"]
[BlackElo "2259"]

1.d4 Nf6 2.Bg5 e6 3.e4 h6 4.Bxf6 Qxf6 5.Nf3 d6 6.c3 Nd7 7.Bd3 e5 8.Nbd2 Be7
9.O-O O-O 10.Nc4 Re8 11.dxe5 dxe5 12.Qe2 Bf8 13.Ne3 c6 14.a4 a5 15.Nd2 Bc5
16.Ndc4 Nf8 17.Rfd1 Ng6 18.g3 Be6 19.Qc2 h5 20.Bf1 h4 21.Nd6 hxg3 22.hxg3 Reb8
23.Nef5 Ne7 24.Bc4 g6 25.Nh6+ Kg7 26.Bxe6 fxe6 27.Nhf7 Rf8 28.Nxb7 Rxf7 29.Nxc5 Rh8
30.Qe2 Nd5 31.exd5 exd5 32.Kg2 Qe7 33.b4 Rhf8 34.Rf1 e4 35.Qg4 Re8 36.Rae1 Qf6
37.bxa5 Qxc3 38.Ne6+ Kf6 39.Ng5 Rfe7 40.Qh4 Kg7 41.Re3 Qxa5 42.Nh7 Re6 43.Rh1 Qxa4
44.Qh6+ Kf7 45.Ng5+ Kf6 46.Nxe6 Rxe6  1-0

[Event "44th Marcel Duchamp"]
[Site "Buenos Aires ARG"]
[Date "2013.03.24"]
[Round "3.29"]
[White "Amura,C"]
[Black "Evans,P"]
[Result "1-0"]
[WhiteElo "2312"]
[BlackElo "2014"]

1.d4 Nf6 2.Bg5 e6 3.e3 Be7 4.Bd3 b6 5.Qf3 Nc6 6.c3 Bb7 7.e4 O-O 8.Ne2 Ne8
9.Be3 Bg5 10.h4 Bxe3 11.Qxe3 e5 12.d5 Ne7 13.c4 d6 14.g4 Qd7 15.f3 c6 16.Nbc3 Ba6
17.h5 Rc8 18.Kf2 cxd5 19.cxd5 Bxd3 20.Qxd3 Qb7 21.a4 a6 22.Ra3 Nc7 23.Rb3 Rfd8
24.Qe3 Rb8 25.a5 b5 26.h6 g6 27.Na2 Ne8 28.Nb4 Rdc8 29.Rc1 Rxc1 30.Qxc1 Rc8
31.Rc3 Qa7+ 32.Kg2 Rc5 33.Qe3 f6 34.Nc1 Kf7 35.Rxc5 Qxc5 36.Qxc5 dxc5 37.Nxa6 f5
38.Nxc5 fxg4 39.fxg4 Nd6 40.N1d3 Nc4 41.a6 Nc8 42.b3 Nd2 43.Nxe5+ Ke7 44.Nxg6+ Kd6
45.b4  1-0

[Event "3rd HD Bank Cup 2013"]
[Site "Ho Chi Minh City VIE"]
[Date "2013.03.24"]
[Round "9.17"]
[White "Bui Vinh"]
[Black "Ashwin,J"]
[Result "1/2-1/2"]
[WhiteElo "2415"]
[BlackElo "2472"]

1.d4 Nf6 2.Bg5 e6 3.e3 c5 4.Nd2 cxd4 5.exd4 Be7 6.Ngf3 b6 7.Bd3 Ba6 8.Qe2 Bxd3
9.Qxd3 Nc6 10.c3 O-O 11.O-O Rb8 12.Bxf6 Bxf6 13.d5 Ne7 14.dxe6 fxe6 15.Ne4 Nd5
16.Rad1 b5 17.b3 Qc7 18.c4 bxc4 19.bxc4 Nb6 20.Rc1 Be7 21.Rfd1 Qf4 22.c5 Nd5
23.Rc4 Rb2 24.Ra4 Qb8 25.h3 Nf4 26.Qe3 Nd5 27.Qd3 Nf4 28.Qe3 Nd5  1/2-1/2

[Event "25th Metropolitan IM"]
[Site "Los Angeles USA"]
[Date "2013.03.24"]
[Round "10"]
[White "Duckworth,W"]
[Black "Amanov,Z"]
[Result "0-1"]
[WhiteElo "2256"]
[BlackElo "2399"]

1.d4 Nf6 2.Bg5 e6 3.e4 h6 4.Bxf6 Qxf6 5.Nc3 d6 6.Qd2 g5 7.O-O-O Bg7 8.f3 Nc6
9.Nb5 Qe7 10.Ne2 a6 11.Na3 b5 12.c3 Rb8 13.Nc2 a5 14.Ne3 b4 15.c4 a4 16.g3 Ba6
17.Kb1 Na5 18.Qc1 c5 19.f4 Qa7 20.d5 a3 21.e5 dxe5 22.dxe6 fxe6 23.f5 b3
24.Qc3 bxa2+  0-1

[Event "Nis Open 2013"]
[Site "Nis SRB"]
[Date "2013.03.26"]
[Round "7.9"]
[White "Livaja,M"]
[Black "Radoja,D"]
[Result "1/2-1/2"]
[WhiteElo "2227"]
[BlackElo "2222"]

1.d4 Nf6 2.Bg5 e6 3.Nf3 Be7 4.e3 b6 5.c4 Bb7 6.Nc3 d6 7.Bd3 c5 8.O-O Nbd7
9.Qe2 O-O 10.Rac1 Re8 11.Rfd1 a6 12.Bb1 Qc7  1/2-1/2

[Event "ch-Moscow 2013"]
[Site "Moscow RUS"]
[Date "2013.03.28"]
[Round "6.2"]
[White "Moskalenko,A"]
[Black "Najer,E"]
[Result "1/2-1/2"]
[WhiteElo "2459"]
[BlackElo "2634"]

1.d4 Nf6 2.Bg5 e6 3.e4 h6 4.Bxf6 Qxf6 5.c3 b6 6.Bd3 Bb7 7.Ne2 c5 8.O-O cxd4
9.cxd4 Nc6 10.e5 Qh4 11.g3 Qg4 12.f3 Qg5 13.f4 Qg4 14.Be4 O-O-O 15.Nbc3 Kb8
16.Qa4 h5 17.Kg2 h4 18.h3 Qh5 19.g4 Qh6 20.g5 Qh5 21.Bf3 Qg6 22.Be4 Qh5 23.Bf3 Qh7
24.Be4  1/2-1/2

[Event "36th San Sebastian Open"]
[Site "Donostia ESP"]
[Date "2013.03.29"]
[Round "8.17"]
[White "Aranaz Portugues,J"]
[Black "Fernandez Zubitur,J"]
[Result "1-0"]
[WhiteElo "2164"]
[BlackElo "1966"]

1.d4 Nf6 2.Bg5 e6 3.Nd2 Be7 4.e3 O-O 5.Bd3 b6 6.Qe2 Bb7 7.f4 d6 8.Ngf3 Nbd7
9.O-O c5 10.c3 h6 11.Bh4 Nd5 12.Bg3 Rc8 13.Rae1 Re8 14.e4 N5f6 15.h3 cxd4
16.cxd4 Nh5 17.Bh2 Bh4 18.Nxh4 Qxh4 19.g4 Nhf6 20.Qg2 Nh7 21.g5 hxg5 22.Nf3 Qh5
23.fxg5 e5 24.d5 Nc5 25.Bb5 Re7 26.Be2 Ba6 27.b4 Bxe2 28.Qxe2 Na4 29.Qa6 Rec7
30.Qxa4 Nxg5 31.Qd1 Nxh3+ 32.Kh1 Rc2 33.Nd2 Qg5 34.Re2 Qh5 35.Rg2 Qxd1 36.Rxd1 Rxa2
37.Bg1 Rcc2 38.Be3 Nf4 39.Bxf4 exf4 40.Kh2 a5 41.bxa5 bxa5 42.Kh3 f6 43.Kg4 a4
44.Kxf4 a3 45.Kf5 Kf7 46.Rdg1 g5 47.Rh2 Rxd2 48.Rh7+ Kg8 49.Rgh1  1-0

[Event "ch-SRB w 2013"]
[Site "Pirot SRB"]
[Date "2013.03.29"]
[Round "7"]
[White "Benderac,A"]
[Black "Zarkovic,M"]
[Result "1-0"]
[WhiteElo "2226"]
[BlackElo "2053"]

1.d4 Nf6 2.Bg5 e6 3.e3 h6 4.Bh4 d6 5.c3 Nbd7 6.Nd2 g5 7.Bg3 Bg7 8.Qc2 Qe7
9.Bd3 Nh5 10.Ne2 Ndf6 11.O-O-O Bd7 12.Kb1 O-O-O 13.f3 Nxg3 14.hxg3 Nd5 15.Nf1 f5
16.e4 fxe4 17.fxe4 Nf6 18.Ne3 Kb8 19.Ng1 Be8 20.Nf3 Nh5 21.Rh3 Nf6 22.Rhh1 Nh5
23.Rh3 Nf6 24.e5 Nd5 25.Nxd5 exd5 26.g4 Bd7 27.Rg3 Rhf8 28.Re1 Rf4 29.Bf5 dxe5
30.Nxe5 Bxe5 31.dxe5 Bxf5 32.gxf5 Rf8 33.Rf3 Rc4 34.f6 Qe6 35.Qf5 Rc6 36.g4 a5
37.Rh1 Qf7 38.Rd3 Rh8 39.Rdh3 d4 40.cxd4 Rd8 41.Rd1 Ka7 42.Rc3 Rxc3 43.bxc3 Qc4
44.Qd3 Qe6 45.Qf3 a4 46.Ka1 b6 47.Rb1 c6 48.Qf2 Qc4 49.Qb2 b5 50.Qb4 Qe6
51.Qa5+  1-0

[Event "Mexico International Open"]
[Site "Puebla MEX"]
[Date "2013.03.29"]
[Round "6.6"]
[White "Almeida Saenz,A"]
[Black "Leon Hoyos,M"]
[Result "1-0"]
[WhiteElo "2339"]
[BlackElo "2582"]

1.d4 Nf6 2.Bg5 e6 3.Nf3 c5 4.c3 cxd4 5.cxd4 Qb6 6.Qc2 Nc6 7.Bxf6 gxf6 8.e3 d5
9.Nc3 Bd7 10.Be2 Rc8 11.O-O Na5 12.Rac1 a6 13.Qb1 Qd8 14.e4 Bh6 15.Rcd1 dxe4
16.Nxe4 O-O 17.d5 Qe7 18.d6 Qd8 19.b4 Nc6 20.Nc5 Rb8 21.a4 a5 22.bxa5 Nxa5
23.Bd3 Kh8 24.Qb4 Bc6 25.Qh4 Kg7 26.Qg4+ Kh8 27.Qh5 Kg7 28.Qg4+ Kh8 29.Qh3 Kg7
30.Nd4 Re8 31.d7 Re7 32.Bc2 Qg8 33.Rfe1 Rd8 34.Nf5+ exf5 35.Rxe7 b6 36.Ne6+ Kh8
37.Nxd8  1-0

[Event "1st Hofheim Open"]
[Site "Hofheim GER"]
[Date "2013.04.02"]
[Round "1.2"]
[White "Commercon,S"]
[Black "Petkov,V"]
[Result "0-1"]
[WhiteElo "2135"]
[BlackElo "2566"]

1.d4 Nf6 2.Bg5 e6 3.e4 h6 4.Bxf6 Qxf6 5.c3 d6 6.Bd3 Qg5 7.g3 e5 8.Ne2 h5
9.f4 exf4 10.gxf4 Qh4+ 11.Kd2 g6 12.Kc2 Bg4 13.Qe1 Qxe1 14.Rxe1 Bh6 15.f5 Nd7
16.Nd2 O-O-O 17.Ng1 h4 18.h3 Bh5 19.Ngf3 Bxd2 20.Nxd2 gxf5 21.exf5 Rhg8 22.Re4 Rg2
23.Rae1 Nf6 24.Rxh4 Rdg8 25.c4 R8g3 26.Rf4 d5 27.Re5 Rh2 28.Bf1 Ne4 29.Rfxe4 dxe4
30.f6 e3 31.Rxh5 Rxd2+ 32.Kc3 e2+  0-1

[Event "1st Hofheim Open"]
[Site "Hofheim GER"]
[Date "2013.04.03"]
[Round "2.1"]
[White "Uwira,O"]
[Black "Danin,A"]
[Result "0-1"]
[WhiteElo "2260"]
[BlackElo "2575"]

1.d4 Nf6 2.Bg5 e6 3.Nf3 c5 4.e3 h6 5.Bh4 Be7 6.Nbd2 b6 7.c3 Bb7 8.Bd3 Nc6
9.Qe2 cxd4 10.exd4 Nh5 11.Bg3 Nxg3 12.hxg3 Qc7 13.O-O-O Nb4 14.Bc4 Nd5 15.Kb1 Nf6
16.Rhe1 O-O-O 17.Ne5 Rhf8 18.f3 Kb8 19.g4 Nd5 20.g3 Nf6 21.f4 Nd5 22.Rc1 Bf6
23.Bb3 Bxe5 24.dxe5 d6 25.exd6 Rxd6 26.Ne4 Rdd8 27.g5 hxg5 28.Nxg5 a6 29.a3 Rd6
30.Ne4 Rd7 31.Rcd1 Rfd8 32.c4 Ne7 33.Rxd7 Rxd7 34.Ng5 Nf5 35.Qf2 Nd4 36.Ba4 Rd6
37.Rd1 Qxc4 38.b3 Qc3 39.Nxf7 Nxb3 40.Rxd6 Qa1+ 41.Kc2 Qa2+ 42.Kc3 Qxf2 43.Bxb3 Qxg3+
44.Kb2 Qf2+ 45.Kc3 Qc5+ 46.Kb2 Bd5 47.Bxd5 exd5 48.Rd7 Qb5+  0-1

[Event "1st Hofheim Open"]
[Site "Hofheim GER"]
[Date "2013.04.04"]
[Round "4.11"]
[White "Uwira,O"]
[Black "Will,P"]
[Result "1-0"]
[WhiteElo "2260"]
[BlackElo "2081"]

1.d4 Nf6 2.Bg5 e6 3.e4 Be7 4.Nd2 d6 5.Ngf3 Nbd7 6.Bd3 c5 7.c3 a6 8.O-O b6
9.Re1 Bb7 10.e5 dxe5 11.dxe5 Nd5 12.Ne4 O-O 13.Qc2 Bxg5 14.Nexg5 g6 15.Rad1 Qc7
16.Qa4 c4 17.Qxc4 Qxc4 18.Bxc4 Rfd8 19.Ne4 Kg7 20.Bf1 Nf4 21.g3 Nd5 22.Bg2 Rab8
23.Nd6 Ba8 24.c4 Ne7 25.Nxf7 Kxf7 26.Ng5+ Ke8 27.Bxa8 Rxa8 28.Nxe6 Nf5 29.Nxd8 Rxd8
30.e6 Nc5 31.Rxd8+ Kxd8 32.b4 Na4 33.Rd1+ Ke7 34.Rd7+ Kxe6 35.Rxh7 Nb2 36.Ra7 Nxc4
37.Rxa6 Nd4 38.h4 Nc2 39.Ra8 Kd5 40.Rg8 Nxb4 41.Rxg6 Nc6 42.h5 N6e5 43.Rg7 Ke6
44.h6 Kf6 45.Rc7 Nd6 46.h7 Nef7 47.Rc6 Kg7 48.Rxb6  1-0

[Event "TCh-NED Meesterklasse 2012-13"]
[Site "Netherland NED"]
[Date "2013.04.06"]
[Round "8.5"]
[White "Admiraal,M"]
[Black "Bosboom,M"]
[Result "1/2-1/2"]
[WhiteElo "2293"]
[BlackElo "2390"]

1.d4 Nf6 2.Bg5 e6 3.e3 c5 4.c3 b6 5.Nd2 Bb7 6.Ngf3 h6 7.Bh4 Be7 8.Bxf6 Bxf6
9.Bd3 Nc6 10.Qe2 Qc7 11.Rc1 g5 12.O-O Ne7 13.Ne4 Bg7 14.Nfd2 Nf5 15.b4 d5
16.Ng3 Nxg3 17.fxg3 O-O 18.g4 e5 19.dxc5 e4 20.Bb1 bxc5 21.c4 cxb4 22.cxd5 Qd6
23.Nxe4 Qxd5 24.Rcd1 Qe5 25.Rf5 Qe7 26.Ng3 Rad8 27.Rdf1 Bc3 28.Qc2 f6 29.R5f2 Bc8
30.Nh5 f5 31.gxf5 Bf6 32.Qb3+ Kh8 33.e4 Be5 34.Kh1 a5 35.Ng3 Rf6  1/2-1/2

[Event "ch-ISR 2013"]
[Site "Acre ISR"]
[Date "2013.04.07"]
[Round "2.9"]
[White "Nabaty,T"]
[Black "Svoisky,D"]
[Result "1-0"]
[WhiteElo "2564"]
[BlackElo "2227"]

1.d4 Nf6 2.Bg5 e6 3.e4 c5 4.d5 h6 5.Bxf6 Qxf6 6.Nc3 d6 7.Bb5+ Bd7 8.Nf3 e5
9.a4 g6 10.Nd2 a6 11.Bxd7+ Nxd7 12.a5 h5 13.Nc4 Bh6 14.O-O O-O 15.Ra3 Qe7
16.Qe2 Nf6 17.Rb3 Rad8 18.Rb6 Kh7 19.Rd1 Rd7 20.Rd3 Rfd8 21.Na4 Ng4 22.Rf3 Qg5
23.g3 f5 24.exf5 gxf5 25.h4 Qc1+ 26.Kg2 Bf4 27.Nc3 Rg8 28.Nxd6 e4 29.Rxf4 Qxf4
30.gxf4 Ne5+ 31.Kh3 Nf3 32.Nxf5 Ra8  1-0